Statistics for Most Pro-Bowl Selections for every team

Click here to take the quiz!

General Stats

  • This quiz has been taken 15 times
  • The average score is 17 of 37

Answer Stats

TeamPBsPlayer% Correct
NEP14Tom Brady
100%
IND11Peyton Manning
87%
BUF11Bruce Smith
73%
NOS12Drew Brees
73%
SFF12Jerry Rice
73%
JAX5Jimmy Smith
73%
BAL12Ray Lewis
73%
GBP10Aaron Rodgers
67%
HOU7Andre Johnson
60%
TEN14Bruce Matthews
60%
MIA9Dan Marino
60%
CLE10Joe Thomas
60%
ATL7Julio Jones
60%
SEA9Walter Jones
60%
DET10Barry Sanders
53%
DEN9John Elway
53%
ARI11Larry Fitzgerald
53%
CIN11Anthony Munoz
47%
TBB11Derrick Brooks
47%
PIT10Joe Greene
47%
NYG10Lawrence Taylor
47%
LAR14Merlin Olsen
47%
DAL11Jason Witten
33%
LAC12Junior Seau
33%
SEA9Russell Wilson
33%
LVR12Jim Otto
27%
CAR7Luke Kuechly
27%
CHI10Mike Singletary
27%
JAX5Tony Boselli
20%
DAL11Bob Lilly
13%
PHI8Chuck Bednarik
13%
MIN11Randall McDaniel
13%
NYJ8Winston Hill
13%
WAS9Chris Hanburger
7%
IND11Gino Marchetti
7%
DET10Joe Schmidt
7%
KAN12Will Shields
7%

Score Distribution

Percentile by Number Answered

Percent of People with Each Score

Your Score History

You have not taken this quiz